| 000 | 00413nam a2200157 i 4500 | ||
|---|---|---|---|
| 001 | 49465 | ||
| 003 | ES-MaACL | ||
| 005 | 20230906161953.0 | ||
| 007 | t| | ||
| 008 | 030716s1929 sp ||||1| spa d | ||
| 100 | 0 |
_aCossío, Francisco de. _941014 |
|
| 245 | 1 | 0 |
_aClara _b: novela / _cFrancisco de Cossío. |
| 260 |
_aMadrid : _bG. Hernández, _c1929. |
||
| 300 |
_a246 p. ; _c20 cm. |
||
| 852 |
_aES-MaACL _jB-2777 |
||
| 999 |
_c49465 _d49465 |
||